000 00665nam a2200241Ia 4500
003 OSt
005 20220930195432.0
006 a|||||r|||| 00| 0
007 ta
008 220926b |||||||| |||| 00| 0 hin d
024 _a15392
037 _cDissertations
040 _aCRL
_cCRL
_bhin
041 _2hin
_ahin
100 _aKapoor Asha
110 _aUniversity of Delhi. Faculty of Arts. Department of Sanskrit
245 0 _aShiv mahapurana mein Uma ka swaroop
260 _c1978
650 _aSANSKRIT
700 _aUniversity of Delhi. Faculty of Arts. Department of Sanskrit
942 _cDIS
_2CC
999 _c899109
_d899109